000 00374pab a2200133 454500
008 180718b2004 xxu||||| |||| 00| 0 eng d
100 _aEdison, Hali J. et al.
245 _aCapital account liberalization and economic performance: survey and synthesis
260 _c2004
300 _ap.220-56.
650 _aEconomic growth
773 _aIMF Staff Papers
909 _a62232
999 _c62232
_d62232